| 000 -ლიდერი |
| ფიქსირებული სიგრძის საკონტროლო ველი |
01380nam a22002297a 4500 |
| 003 - საკონტროლო ნომრის იდენტიფიკატორი |
| საკონტროლო ველი |
Ge_BSU |
| 005 - ბოლო ოპერაციის თარიღი და დრო |
| საკონტროლო ველი |
20191018114857.0 |
| 008 - ფიქსირებული სიგრძის მონაცემთა ელემენტები - ზოგადი ინფორმაცია |
| ფიქსირებული სიგრძის საკონტროლო ველი |
191018s2018 ge ||||| |||| 00| 0 geo d |
| 020 ## - წიგნის საერთაშორისო სტანდარტული ნომერი |
| International Standard Book Number |
2587-5450 |
| 041 ## - ენის კოდი |
| Language code of text/sound track or separate title |
geo |
| 080 ## - უნივერსალური ათობითი კლასიფიკაციის ინდექსი |
| Universal Decimal Classification number |
91(479.22) (063) ს-32 |
| 245 ## - ცნობა სათაურის შესახებ |
| Title |
საქართველოს ალექსანდრე ჯავახიშვილის სახელობის გეოგრაფიული საზოგადოების შრომები : ახალი სერია : I (XIX) / |
| Statement of responsibility, etc |
ტომის რედ : დალი ნიკოლაიშვილი ; ქეთევან მგალობლიშვილი . |
| 264 ## - წარმოების, გამოცემის, დისტრიბუციის და სხვა ცნობები |
| გამოცემის, წარმოების, დისტრიბუციის... ადგილი |
თბილისი, |
| გამოცემის, წარმოების, დისტრიბუციის... სახელწოდება |
2018 |
| 300 ## - ფიზიკური აღწერა |
| Extent |
230 გვ .: |
| Dimensions |
ილ ; |
| Other physical details |
26 სმ. |
| 520 ## - SUMMARY, ETC. |
| Summary, etc |
რეზიუმე ინგლისურ ენაზე |
| 600 ## - SUBJECT ADDED ENTRY--PERSONAL NAME |
| Personal name |
ეძღვნება პროფესორ ანდრია ბენაშვილის დაბადების 150 წლის იუბილეს |
| 9 (RLIN) |
4826 |
| 653 ## - INDEX TERM--UNCONTROLLED |
| Uncontrolled term |
გეოგრაფია |
| 653 ## - INDEX TERM--UNCONTROLLED |
| Uncontrolled term |
შრომები |
| 700 ## - ADDED ENTRY--PERSONAL NAME |
| Personal name |
ნიკოლაიშვილი , დალი |
| Relator term |
რედაქტორი |
| 9 (RLIN) |
4827 |
| 700 ## - ADDED ENTRY--PERSONAL NAME |
| Personal name |
მგალობლიშვილი , ქეთევან |
| Relator term |
რედაქტორი |
| 9 (RLIN) |
4828 |
| 942 ## - ADDED ENTRY ELEMENTS (KOHA) |
| Source of classification or shelving scheme |
|
| Koha item type |
წიგნი |